Newcastle United top Premier League scorers - Statistics

General Stats
  • This quiz has been taken 2,675 times
    333 since last reset
  • The average score is 24 of 49
Answer Stats
Rank Nationality First-Last goal Goals Answer % Correct
1 England 1996-2006 148 Alan Shearer
99%
2 Sweden 2022-2025 54 Alexander Isak
98%
3 England 2020-2024 47 Callum Wilson
86%
=12 Senegal 2011-2012 29 Demba Ba
79%
23 England 2023-2025 20 Anthony Gordon
77%
18 Brazil 2019-2024 24 Joelinton
77%
=19 Paraguay 2019-2023 23 Miguel Almirón
75%
=8 Senegal 2012-2016 37 Papiss Cisse
74%
25 Switzerland 2019-2025 18 Fabian Schär
73%
=12 Brazil 2022-2025 29 Bruno Guimarães
71%
=5 England 1993-1994 43 Andrew Cole
70%
=8 Peru 1998-2007 37 Nolberto Solano
63%
22 England 2018-2025 21 Jacob Murphy
61%
=5 Nigeria 2001-2014 43 Shola Ameobi
60%
17 England 2005-2009 26 Michael Owen
59%
7 England 1995-1997 41 Les Ferdinand
58%
11 Spain 2014-2019 33 Ayoze Perez
57%
=12 Wales 1998-2004 29 Gary Speed
57%
=44 Serbia 2015-2017 10 Aleksandar Mitrović
56%
24 England 2023-2025 19 Harvey Barnes
55%
16 Wales 2001-2004 27 Craig Bellamy
52%
=35 Venezuela 2018-2019 11 Salomón Rondón
52%
4 England 1993-1997 46 Peter Beardsley
50%
15 Nigeria 2006-2009 28 Obafemi Martins
48%
25 France 2011-2014 17 Yohan Cabaye
48%
=27 England 2021-2023 14 Joe Willock
47%
=44 England 2019-2024 10 Sean Longstaff
45%
26 England 2009-2021 15 Andy Carroll
44%
=31 France 2019-2022 12 Allan Saint-Maximin
41%
=35 Netherlands 2015-2016 11 Georginio Wijnaldum
41%
10 England 1994-2001 34 Rob Lee
41%
=27 France 2013-2014 14 Loic Remy
39%
=35 England 2018-2022 11 Jonjo Shelvey
36%
21 France 2001-2005 22 Laurent Robert
36%
=35 France 2013-2016 11 Moussa Sissoko
36%
30 France 2010-2013 13 Hatem Ben Arfa
35%
=19 England 1999-2007 23 Kieron Dyer
33%
=31 England 2010-2011 12 Kevin Nolan
32%
=44 England 2016-2023 10 Jamaal Lascelles
31%
=31 England 2003-2016 12 Steven Taylor
30%
=35 England 2016-2020 11 Dwight Gayle
27%
=35 France 2013-2015 11 Yohan Gouffran
26%
=44 Greece 1998-2002 10 Nikos Dabizas
23%
=35 Northern Ireland 1995-1997 11 Keith Gillespie
22%
=44 Ireland 2011-2012 10 Leon Best
21%
=31 England 1994-1995 12 Ruel Fox
11%
=44 England 1994-1996 10 Paul Kitson
9%
=35 England 1994-2004 11 Robbie Elliott
9%
=35 England 1994-1997 11 Steve Watson
9%
No matching quizzes found
Score Distribution
Percent of People with Each Score
Percentile by Number Answered
Your Score History
You have not taken this quiz since the last reset